Statistiques concernant Mêmes mots dans les noms de pays n°3

Cliquez ici pour prendre le quiz!

Statistiques générales

  • Ce quiz a été pris 230 fois
  • Le résultat moyen est 14 sur 29

Statistiques - réponses

MotPays% Correct
nordCorée du Nord
86%
sudCorée du Sud
85%
landeIslande
84%
landeIrlande
83%
sudSoudan du Sud
77%
sudAfrique du Sud
72%
tuTuvalu
72%
tuTurquie
62%
landeFinlande
56%
tuTunisie
55%
nordMacédoine du Nord
54%
tuTurkménistan
51%
etEtats-Unis
49%
tuVanuatu
49%
etÉthiopie
45%
tonTonga
44%
landeThaïlande
42%
etSaint-Vincent-et-les-
Grenadines
41%
etTrinité-et-Tobago
41%
etSaint-Christophe-
et-Niévès
40%
landeNouvelle-Zélande
38%
tonLettonie
36%
etLettonie
36%
etAntigua-et-Barbuda
35%
etSao Tomé-et-Principe
31%
tonEstonie
26%
tuLituanie
18%
etViêt Nam
17%
tuPortugal
14%

Distribution des résultats

Percentile par nombre de réponses

% des personnes avec chaque résultat

Votre développement - résultats

Vous n’avez pas pris ce quiz